[Event "European Blitz 2017"]
[Site "Katowice POL"]
[Date "2017.12.15"]
[Round "16.51"]
[White "Licznerski, Lukasz"]
[Black "Rigopoulos-Tsigkos, Alexandros"]
[Result "1-0"]
[WhiteTitle "FM"]
[WhiteElo "2267"]
[BlackElo "2117"]
[WhiteFideId "1179250"]
[BlackFideId "4215109"]
[EventDate "2017.12.15"]
[EventType "blitz"]

1. e4 c5 2. Nf3 e6 3. d4 cxd4 4. Nxd4 a6 5. Bd3 Bc5 6. Nb3 Be7 7. Qg4 g6 8. Qe2
d6 9. O-O Nd7 10. Bf4 Qc7 11. a4 b6 12. N1d2 Bb7 13. Nc4 e5 14. Bd2 Ngf6 15. Bh6
Nc5 16. Nxc5 dxc5 17. f4 exf4 18. Bxf4 Qd8 19. Bh6 Bxe4 20. Rae1 Qd4+ 21. Kh1 b5
22. Bxe4 Nxe4 23. Qxe4 Qxe4 24. Rxe4 bxc4 25. Rfe1 Ra7 26. Bg5 f6 27. Bxf6 O-O
28. Bxe7 Rf2 29. Bxc5 1-0

[Event "European Blitz 2017"]
[Site "Katowice POL"]
[Date "2017.12.15"]
[Round "16.53"]
[White "Szpar, Milosz"]
[Black "Heinzel, Olaf"]
[Result "1-0"]
[WhiteTitle "FM"]
[BlackTitle "IM"]
[WhiteElo "2367"]
[BlackElo "2360"]
[WhiteFideId "1184989"]
[BlackFideId "4626664"]
[EventDate "2017.12.15"]
[EventType "blitz"]

1. e4 d5 2. exd5 Qxd5 3. Nf3 Nf6 4. Be2 Bg4 5. h3 Bh5 6. O-O e6 7. d4 c6 8. c4
Qd8 9. Nc3 Nbd7 10. Be3 Bd6 11. Re1 O-O 12. Qb3 Qb6 13. c5 Qxb3 14. axb3 Bc7 15.
b4 a6 16. Ra3 Rad8 17. g4 Bg6 18. Nh4 e5 19. Nxg6 hxg6 20. g5 Nh5 21. d5 cxd5
22. Nxd5 Bb8 23. Ne7+ Kh8 24. c6 bxc6 25. Nxc6 Rc8 26. Rxa6 Nf4 27. Bxf4 exf4
28. Bg4 Rc7 29. b5 Nc5 30. Ra8 Rb7 31. Re5 Nd3 32. Re7 Rxb5 33. Be2 Rxg5+ 34.
Kf1 Nxb2 35. Rxb8 Rxb8 36. Nxb8 f6 37. Nd7 Na4 38. Re8+ Kh7 39. Nf8+ Kh6 40. Ne6 1-0

[Event "European Blitz 2017"]
[Site "Katowice POL"]
[Date "2017.12.15"]
[Round "16.54"]
[White "Kutynec, Vladimir"]
[Black "Alekseev, Evgeny"]
[Result "1/2-1/2"]
[WhiteTitle "IM"]
[BlackTitle "GM"]
[WhiteElo "2270"]
[BlackElo "2616"]
[WhiteFideId "4119843"]
[BlackFideId "4138147"]
[EventDate "2017.12.15"]
[EventType "blitz"]

1. Nf3 c5 2. c4 Nc6 3. g3 g6 4. Bg2 Bg7 5. O-O e6 6. Nc3 d6 7. Rb1 Nge7 8. d3
O-O 9. Bd2 h6 10. a3 b6 11. b4 Rb8 12. b5 Nd4 13. Nxd4 cxd4 14. Na2 Bb7 15. Nb4
Qd7 16. a4 Rbc8 17. Ra1 d5 18. cxd5 Nxd5 19. Nxd5 Bxd5 20. Bb4 Rfe8 21. Qd2 Bxg2
22. Kxg2 e5 23. f3 f5 24. Rac1 e4 25. fxe4 fxe4 26. Qa2+ Kh7 27. Rxc8 Qxc8 28.
Qd5 exd3 29. exd3 Qc2+ 30. Rf2 Qxd3 31. h4 h5 32. Bd6 Qe4+ 33. Qxe4 Rxe4 34. Rf7
d3 35. Bf4 Kg8 36. Rd7 Rd4 37. Rxd4 Bxd4 38. Kf3 Kf7 39. Ke4 Bf6 40. Kxd3 Ke6
41. Ke4 Be7 42. Bb8 Kd7 43. Bxa7 Kc7 44. Kd5 Kb7 45. Bxb6 Kxb6 46. Ke6 Bc5 47.
Kf7 Bf2 48. Kxg6 Bxg3 49. Kxh5 Ka5 50. Kg4 Bc7 51. h5 Kxa4 52. h6 Kxb5 53. Kf5
Ba5 54. Ke4 1/2-1/2

[Event "European Blitz 2017"]
[Site "Katowice POL"]
[Date "2017.12.15"]
[Round "16.55"]
[White "Manik, Mikulas"]
[Black "Brazdzionis, Andrius"]
[Result "1-0"]
[WhiteTitle "GM"]
[WhiteElo "2415"]
[BlackElo "2293"]
[WhiteFideId "14900734"]
[BlackFideId "12804479"]
[EventDate "2017.12.15"]
[EventType "blitz"]

1. e4 c5 2. Nf3 g6 3. c3 Bg7 4. d4 cxd4 5. cxd4 d5 6. e5 Nc6 7. h3 Nh6 8. Nc3 f6
9. Bb5 a6 10. Bxc6+ bxc6 11. O-O O-O 12. b3 Nf7 13. exf6 exf6 14. Ba3 Re8 15.
Na4 Bf5 16. Rc1 Rc8 17. Re1 Bh6 18. Rxe8+ Qxe8 19. Rc3 Qe4 20. Bc1 Qb1 21. Qf1
Bxc1 22. Qxc1 Qxa2 23. Nb6 Re8 24. Rxc6 Qxb3 25. Rxf6 Re6 26. Nd7 Rxf6 27. Qc8+
Nd8 28. Qxd8+ Kf7 29. Qf8+ Ke6 30. Nc5# 1-0

[Event "European Blitz 2017"]
[Site "Katowice POL"]
[Date "2017.12.15"]
[Round "16.56"]
[White "Meskovs, Nikita"]
[Black "Lavendelis, Egons"]
[Result "0-1"]
[WhiteTitle "GM"]
[BlackTitle "FM"]
[WhiteElo "2538"]
[BlackElo "2278"]
[WhiteFideId "11602740"]
[BlackFideId "11601647"]
[EventDate "2017.12.15"]
[EventType "blitz"]

1. Nf3 Nf6 2. b3 d5 3. Bb2 e6 4. e3 Be7 5. d4 O-O 6. Bd3 b6 7. Nbd2 Bb7 8. O-O
c5 9. Qe2 Nbd7 10. Rfd1 Rc8 11. Rac1 Qc7 12. c4 Qb8 13. a3 Rfd8 14. cxd5 Nxd5
15. Nc4 Bf6 16. Bb1 cxd4 17. Nxd4 Nc5 18. b4 Nd7 19. g3 Ne5 20. Nxe5 Bxe5 21.
Rxc8 Rxc8 22. Qd3 g6 23. Rc1 Rxc1+ 24. Bxc1 Qc7 25. Bd2 a6 26. e4 Ne7 27. Nf3
Bg7 28. Qe3 b5 29. Bd3 Nc6 30. Be2 Ne5 31. Nxe5 Bxe5 32. f4 Bb2 33. e5 Qc6 34.
Kf2 Qd5 35. Bf1 Bd4 0-1

[Event "European Blitz 2017"]
[Site "Katowice POL"]
[Date "2017.12.15"]
[Round "16.57"]
[White "Laurusas, Tomas"]
[Black "Brzezinski, Mateusz"]
[Result "0-1"]
[WhiteTitle "IM"]
[WhiteElo "2423"]
[BlackElo "2164"]
[WhiteFideId "12803731"]
[BlackFideId "1177117"]
[EventDate "2017.12.15"]
[EventType "blitz"]

1. d4 Nf6 2. c4 g6 3. Nc3 d5 4. cxd5 Nxd5 5. g3 Bg7 6. Bg2 c6 7. e3 O-O 8. Nge2
Na6 9. O-O Nac7 10. Bd2 e5 11. dxe5 Nxc3 12. Bxc3 Qe7 13. Qd6 Re8 14. Qxe7 Rxe7
15. f4 a5 16. e4 Nb5 17. Bd2 Bg4 18. Kf2 Rd7 19. Be3 a4 20. Bf3 Be6 21. Rfc1 Rd3
22. Rc2 Rad8 23. h4 h5 24. a3 Bb3 25. Rcc1 Bf8 26. g4 hxg4 27. Bxg4 Nc7 28. h5
gxh5 29. Bxh5 Bh6 30. Rh1 Kf8 31. Rag1 Ne6 32. Bc1 Rd1 33. f5 Rxg1 34. Rxg1 Bxc1
35. Rxc1 Ng5 36. Ke3 Ke7 37. Rg1 f6 38. exf6+ Kxf6 39. Nd4 Rh8 40. Bg4 Nf7 41.
Nf3 Rd8 42. Kf4 Re8 43. Bh5 Rh8 44. Rg6+ Ke7 45. Rg7 Rxh5 46. e5 Kf8 47. Rg6 Bc2
48. Nd4 Bb1 49. Kg4 Rh1 50. e6 Ne5+ 51. Kg5 Nxg6 52. Kxg6 Ke7 0-1

[Event "European Blitz 2017"]
[Site "Katowice POL"]
[Date "2017.12.15"]
[Round "16.58"]
[White "Lewicki, Miroslaw"]
[Black "Skliarov, Viktor"]
[Result "1-0"]
[WhiteTitle "CM"]
[BlackTitle "IM"]
[WhiteElo "2404"]
[BlackElo "2353"]
[WhiteFideId "1113380"]
[BlackFideId "14106736"]
[EventDate "2017.12.15"]
[EventType "blitz"]

1. e4 c5 2. Nf3 Nc6 3. Nc3 Nf6 4. d4 cxd4 5. Nxd4 e5 6. Ndb5 d6 7. Bg5 a6 8. Na3
b5 9. Nd5 Be7 10. Bxf6 Bxf6 11. c3 Bg5 12. Be2 O-O 13. O-O Ne7 14. Nxe7+ Qxe7
15. Nc2 f5 16. exf5 Bxf5 17. a4 bxa4 18. Rxa4 a5 19. Na3 Bd7 20. Bb5 Be6 21. Bc4
Rfd8 22. Bd5 Rab8 23. Nc4 Rb5 24. Bxe6+ Qxe6 25. b3 d5 26. Nxa5 Ra8 27. b4 Rc8
28. Qd3 Rbb8 29. Rd1 Rd8 30. b5 Qb6 31. Nc6 Rf8 32. Nxb8 Qxf2+ 33. Kh1 e4 34.
Qxd5+ Kh8 35. Raa1 Rxb8 36. Qxg5 1-0

[Event "European Blitz 2017"]
[Site "Katowice POL"]
[Date "2017.12.15"]
[Round "16.59"]
[White "Masternak, Grzegorz"]
[Black "Polzin, Rainer"]
[Result "1/2-1/2"]
[WhiteTitle "IM"]
[BlackTitle "GM"]
[WhiteElo "2330"]
[BlackElo "2404"]
[WhiteFideId "1100505"]
[BlackFideId "4610741"]
[EventDate "2017.12.15"]
[EventType "blitz"]

1. e4 g6 2. Nc3 c5 3. g3 Bg7 4. Bg2 Nc6 5. d3 d6 6. Be3 e5 7. Qd2 h5 8. h3 Nge7
9. f4 Nd4 10. Nf3 Nxf3+ 11. Bxf3 Nc6 12. Bg2 Nd4 13. O-O h4 14. g4 exf4 15. Bxf4
Be6 16. Nd5 f6 17. Rf2 O-O 18. Raf1 Nc6 19. c3 g5 20. Be3 Ne5 21. b3 Rf7 22. d4
cxd4 23. cxd4 Nd7 24. Nc3 Rf8 25. Nb5 Nb6 26. d5 Bc8 27. Nd4 Qe7 28. Nf5 Bxf5
29. Rxf5 Nd7 30. Bd4 b6 31. R1f2 Rac8 32. Qd3 Ne5 33. Bxe5 dxe5 34. Rc2 Rxc2 35.
Qxc2 Qd7 36. Rf2 Rc8 37. Qd3 Qc7 38. Bf1 Qc3 39. Qxc3 Rxc3 40. Bc4 Kf8 41. d6
Ke8 42. Be6 Rc6 43. d7+ Kd8 44. Bf5 Bf8 45. Kf1 Bb4 46. Ke2 a5 47. Kd1 Rc3 48.
Rc2 Rxc2 49. Kxc2 Bc5 50. Kd3 b5 51. a4 bxa4 52. bxa4 Bb4 53. Kc4 Ba3 54. Kd5
Ke7 55. Kc6 Kd8 56. Be6 Bb4 1/2-1/2

[Event "European Blitz 2017"]
[Site "Katowice POL"]
[Date "2017.12.15"]
[Round "16.60"]
[White "Pultinevicius, Paulius"]
[Black "Paszewski, Mateusz"]
[Result "1-0"]
[WhiteTitle "IM"]
[BlackTitle "FM"]
[WhiteElo "2371"]
[BlackElo "2307"]
[WhiteFideId "12809390"]
[BlackFideId "1141058"]
[EventDate "2017.12.15"]
[EventType "swiss"]

1. Nf3 d5 2. b3 Bg4 3. Bb2 c6 4. g3 Nd7 5. Bg2 Ngf6 6. O-O e6 7. d3 Be7 8. Nbd2
O-O 9. h3 Bh5 10. e4 a5 11. a3 Nc5 12. Qe1 Bg6 13. Ne5 Nfd7 14. Nxg6 hxg6 15.
Qe2 Bf6 16. e5 Be7 17. h4 Re8 18. f4 b5 19. h5 gxh5 20. Qxh5 g6 21. Qg4 Bf8 22.
Nf3 a4 23. b4 Na6 24. d4 Nb6 25. c3 Nc4 26. Bc1 Be7 27. Ng5 Qd7 28. Bh3 Kg7 29.
Ra2 Rh8 30. Rh2 Nc7 31. Kg2 Rh5 32. Rfh1 Rah8 33. Qf3 Ne8 34. Bg4 Rxh2+ 35. Rxh2
Rxh2+ 36. Kxh2 Kg8 37. Nh3 Ng7 38. Nf2 Nf5 39. Bh3 Kg7 40. g4 Nh4 41. Qg3 Kf8
42. g5 Nf5 43. Bxf5 exf5 44. Qh3 Kg8 45. Nd3 Qe8 46. Kg2 Qf8 47. Qh1 Qg7 48. Qe1
Kf8 49. Qe2 Qh7 50. Qf3 Qh4 51. Nf2 Ke8 52. Qg3 Qxg3+ 53. Kxg3 Kd7 54. Kf3 Ke6 1-0

[Event "European Blitz 2017"]
[Site "Katowice POL"]
[Date "2017.12.15"]
[Round "16.62"]
[White "Darmarakis, Mihail"]
[Black "Saraci, Nderim"]
[Result "0-1"]
[BlackTitle "FM"]
[WhiteElo "2213"]
[BlackElo "2398"]
[WhiteFideId "4203720"]
[BlackFideId "6351921"]
[EventDate "2017.12.15"]
[EventType "blitz"]

1. e4 e5 2. Nf3 Nc6 3. d4 exd4 4. Nxd4 Nf6 5. Nxc6 bxc6 6. Qe2 a5 7. e5 Nd5 8.
c4 Bb4+ 9. Bd2 Nf4 10. Qe4 Ne6 11. Bd3 Qe7 12. O-O Bb7 13. Nc3 Rb8 14. Qf3 c5
15. Be4 Nd4 16. Qg4 Bxe4 17. Qxg7 Qf8 18. Qxf8+ Kxf8 19. Nxe4 Bxd2 20. Nxd2 Rxb2
21. Nb3 d6 22. exd6 cxd6 23. Rfd1 Nc2 24. Rab1 Rxb1 25. Rxb1 a4 26. Nd2 Ke7 27.
Ne4 Nb4 28. Nc3 a3 29. Re1+ Kd7 30. Kf1 Rg8 31. Rd1 Kc6 32. Nb5 d5 33. Nxa3 d4
34. Rd2 Ra8 35. Nc2 Nxa2 36. Ne1 Nc3 37. g3 Ra4 38. Nd3 f6 39. Nf4 Rxc4 40. Rb2
Nd5 41. Nh5 Rc1+ 42. Kg2 c4 0-1

[Event "European Blitz 2017"]
[Site "Katowice POL"]
[Date "2017.12.15"]
[Round "16.63"]
[White "Barski, Radoslaw"]
[Black "Reichmann, Hendrik"]
[Result "1-0"]
[WhiteTitle "IM"]
[BlackTitle "FM"]
[WhiteElo "2452"]
[BlackElo "2337"]
[WhiteFideId "1131710"]
[BlackFideId "4647823"]
[EventDate "2017.12.15"]
[EventType "blitz"]

1. e4 g6 2. d4 Bg7 3. Nc3 d6 4. Be3 a6 5. a4 e6 6. f4 b6 7. Nf3 Nf6 8. Bd3 Ng4
9. Bg1 d5 10. e5 h5 11. Qe2 Nh6 12. Bf2 Nc6 13. Bh4 Qd7 14. Bf6 Rg8 15. O-O Nb4
16. Bxg7 Rxg7 17. Qd2 Nxd3 18. cxd3 Nf5 19. a5 Rb8 20. Ne2 h4 21. Rfc1 Bb7 22.
Rc2 Rc8 23. Rac1 Kd8 24. axb6 cxb6 25. Rxc8+ Bxc8 26. Qb4 Ne7 27. Qxb6+ Ke8 28.
Rc7 Qa4 29. Qb8 Kd8 30. Rxe7 Kxe7 31. Qxc8 h3 32. g3 Qd1+ 33. Kf2 Qh1 34. Qxa6
Qg2+ 35. Ke3 Rg8 36. Qb7+ Kf8 37. b4 Kg7 38. b5 Qf1 39. Ng5 1-0

[Event "European Blitz 2017"]
[Site "Katowice POL"]
[Date "2017.12.15"]
[Round "16.64"]
[White "Tomaszewski, Kacper"]
[Black "Rocha, Sergio"]
[Result "1/2-1/2"]
[BlackTitle "IM"]
[WhiteElo "2292"]
[BlackElo "2370"]
[WhiteFideId "1127373"]
[BlackFideId "1900404"]
[EventDate "2017.12.15"]
[EventType "swiss"]

1. d4 Nf6 2. c4 g6 3. Nc3 Bg7 4. e4 d6 5. Nf3 O-O 6. Be2 c6 7. O-O a6 8. a4 a5
9. b3 Na6 10. Ba3 Bg4 11. e5 Ne8 12. exd6 Nxd6 13. Ne5 Bf5 14. f4 Nb4 15. Bxb4
axb4 16. Na2 Ne4 17. c5 Qa5 18. g4 Be6 19. Bc4 Bxc4 20. Nxc4 Qc7 21. Qd3 Nf6 22.
Ne5 Nd5 23. Rae1 Rad8 24. Qc4 Qa5 25. Nc1 Bh6 26. Ncd3 Bg7 27. Kh1 Bf6 28. g5
Bg7 29. h4 f6 30. Ng4 Qc7 31. Nxb4 Kh8 32. Nxd5 Rxd5 33. Ne3 Rd7 34. d5 Rfd8 35.
d6 exd6 36. gxf6 Bxf6 37. cxd6 Qxd6 38. Ng4 Bg7 39. Ne5 Bxe5 40. fxe5 Qd4 41. e6
Re7 42. Rf8+ Kg7 43. Rxd8 Qxd8 44. Qc3+ Kg8 45. Qf3 Qd5 46. Qxd5 cxd5 47. Re5
Kg7 48. Kg2 Kf6 49. Rxd5 Rxe6 50. Rb5 b6 51. b4 Rc6 52. h5 Kg7 53. hxg6 hxg6 54.
Kf3 Kh6 55. Ke4 g5 56. Kf5 Kh5 57. a5 bxa5 58. bxa5 g4 59. Kf4+ Kh4 60. Rb6 Rc4+
61. Ke3 Ra4 62. Rh6+ Kg3 63. a6 Kg2 64. Rg6 g3 65. Ke2 Ra2+ 66. Ke3 Kh2 67. Kf3
Ra3+ 68. Ke2 g2 69. Rh6+ Kg1 70. Rg6 Ra2+ 71. Kf3 Kf1 72. Rb6 Ra3+ 73. Ke4 g1=Q 1/2-1/2

[Event "European Blitz 2017"]
[Site "Katowice POL"]
[Date "2017.12.15"]
[Round "16.65"]
[White "Dorokhin, Mykhailo"]
[Black "Kantans, Toms"]
[Result "1/2-1/2"]
[BlackTitle "GM"]
[WhiteElo "2243"]
[BlackElo "2484"]
[WhiteFideId "14114178"]
[BlackFideId "11602945"]
[EventDate "2017.12.15"]
[EventType "blitz"]

1. e4 c5 2. d3 Nc6 3. Be3 g6 4. h4 Bg7 5. c3 d6 6. h5 gxh5 7. Rxh5 Nf6 8. Rh1
Ng4 9. Bf4 e5 10. Bc1 Be6 11. Be2 h5 12. Nf3 Bf6 13. Nbd2 Qe7 14. Nf1 O-O-O 15.
Ne3 Rdg8 16. g3 Kb8 17. Nh4 Qd7 18. Nef5 Ne7 19. Nxe7 Qxe7 20. b4 d5 21. Bf3
dxe4 22. Bxe4 Rd8 23. Qf3 Bc8 24. a3 Bxh4 25. Rxh4 f5 26. Bd5 e4 27. Qf4+ Ka8
28. c4 exd3+ 29. Be3 Be6 30. bxc5 Bxd5 31. cxd5 Rxd5 32. Kd2 Rc8 33. Rc1 Qf6 34.
Qb4 Qe5 35. Rb1 Rd7 36. c6 bxc6 37. Rh3 c5 38. Qf4 c4 39. Qxe5 Nxe5 40. Kc3 Ng4
41. Rxh5 Nxe3 42. fxe3 d2 43. Rd1 Rd3+ 44. Kc2 Rxe3 45. Rxd2 Rxg3 46. Rxf5 Rxa3
47. Rd7 Rh8 48. Rff7 Rb3 49. Rxa7+ Kb8 50. Rae7 Rg3 51. Rf2 Ra3 52. Rff7 Rb3 53.
Rg7 Rf3 54. Rg2 Kc8 55. Re4 Kd7 56. Rd4+ Kc6 57. Rxc4+ 1/2-1/2

[Event "European Blitz 2017"]
[Site "Katowice POL"]
[Date "2017.12.15"]
[Round "16.66"]
[White "Mroziak, Maciej"]
[Black "Piesik, Piotr"]
[Result "0-1"]
[WhiteTitle "IM"]
[BlackTitle "FM"]
[WhiteElo "2397"]
[BlackElo "2374"]
[WhiteFideId "1139665"]
[BlackFideId "1136194"]
[EventDate "2017.12.15"]
[EventType "blitz"]

1. e4 g6 2. d4 Bg7 3. Nc3 c6 4. h3 d6 5. Be3 Nd7 6. Qd2 e5 7. Nf3 Ngf6 8. O-O-O
Qc7 9. Bh6 O-O 10. g4 Re8 11. Bxg7 Kxg7 12. dxe5 Nxe5 13. Nxe5 dxe5 14. f3 Nd7
15. h4 h6 16. g5 h5 17. Qd6 Qxd6 18. Rxd6 Nc5 19. Bh3 Bxh3 20. Rxh3 Rad8 21.
Rxd8 Rxd8 22. Rh1 Ne6 23. Ne2 f6 24. gxf6+ Kxf6 25. Rf1 g5 26. hxg5+ Kxg5 27.
Rg1+ Kf6 28. Ng3 Rh8 29. Nf5 h4 30. Kd2 h3 31. Ke3 Nf4 32. Rh1 Rg8 33. Nh6 Rg2
34. Ng4+ Ke6 35. Nf2 Kf7 36. a4 h2 37. b3 a5 38. c3 c5 39. Rd1 Rg1 40. Kd2 Nh3
41. Nh1 Ng5 42. Ke2 Nxf3 43. Rd7+ Ke6 44. Rd1 Ng5 45. Nf2 Nxe4 46. Nxe4 Rxd1 47.
Kxd1 h1=Q+ 0-1

[Event "European Blitz 2017"]
[Site "Katowice POL"]
[Date "2017.12.15"]
[Round "16.67"]
[White "Piotrowski, Przemyslaw"]
[Black "Kaleta, Blazej"]
[Result "1-0"]
[WhiteElo "2314"]
[BlackElo "2110"]
[WhiteFideId "1127063"]
[BlackFideId "1170252"]
[EventDate "2017.12.15"]
[EventType "blitz"]

1. d4 d5 2. Nf3 c6 3. g3 Nf6 4. Bg2 e6 5. O-O Nbd7 6. c4 Bd6 7. Nc3 Qe7 8. Nd2
dxc4 9. Nxc4 Bc7 10. e4 e5 11. d5 Bb8 12. b3 O-O 13. Ba3 c5 14. f4 b6 15. d6 Qe8
16. Bb2 Bb7 17. fxe5 Nxe5 18. Nxe5 Qxe5 19. d7 Rd8 20. Rf5 Qe6 21. Qf1 Rxd7 22.
Nd5 Ne8 23. Bh3 Qc6 24. Rg5 Kf8 25. Qf5 Rxd5 26. exd5 Qd6 27. Qxh7 Ke7 28. Re1+
Kd8 29. Qg8 Qe7 30. Rxe7 Kxe7 31. Be5 Bd6 32. Bxd6+ Nxd6 33. Qxg7 Rd8 34. Qe5+
Kf8 35. Qh8+ Ke7 36. Re5# 1-0

[Event "European Blitz 2017"]
[Site "Katowice POL"]
[Date "2017.12.15"]
[Round "16.68"]
[White "Dobrowolski, Piotr"]
[Black "Peterson, Emery"]
[Result "0-1"]
[WhiteTitle "IM"]
[WhiteElo "2421"]
[BlackElo "2168"]
[WhiteFideId "1106236"]
[BlackFideId "4610920"]
[EventDate "2017.12.15"]
[EventType "blitz"]

1. e4 e6 2. d4 d5 3. exd5 exd5 4. Nf3 Bd6 5. c4 c6 6. Nc3 Ne7 7. Bg5 f6 8. Bh4
Bg4 9. Bd3 Nd7 10. O-O O-O 11. Re1 Kh8 12. Bg3 Bxg3 13. hxg3 dxc4 14. Bxc4 Nb6
15. Bb3 Ned5 16. Ne4 Re8 17. Nc5 Rb8 18. Qd3 Bh5 19. Rxe8+ Qxe8 20. Re1 Qf8 21.
Nh4 Bf7 22. Bc2 g6 23. a3 Nc7 24. Nf3 Kg7 25. g4 Qd6 26. g5 Bd5 27. gxf6+ Qxf6
28. Ne5 Rf8 29. f3 Re8 30. Bb3 Qh4 31. Re2 Ne6 32. Bxd5 Nxd5 33. Nxe6+ Rxe6 34.
Ng4 Nf4 0-1

[Event "European Blitz 2017"]
[Site "Katowice POL"]
[Date "2017.12.15"]
[Round "16.69"]
[White "Wiewiora, Eneasz"]
[Black "Slabek, Grzegorz"]
[Result "1-0"]
[WhiteTitle "FM"]
[WhiteElo "2320"]
[BlackElo "1956"]
[WhiteFideId "1140396"]
[BlackFideId "1105531"]
[EventDate "2017.12.15"]
[EventType "blitz"]

1. e4 d5 2. exd5 Nf6 3. Nc3 Nxd5 4. Bc4 c6 5. d4 Bf5 6. Nf3 e6 7. O-O Be7 8. Re1
O-O 9. Ne4 Nd7 10. c3 b5 11. Bb3 a5 12. a4 b4 13. c4 N5f6 14. Ng3 Bg6 15. Be3
Re8 16. Rc1 h6 17. h3 Nh5 18. Ne2 Rc8 19. Bc2 Bxc2 20. Qxc2 Nhf6 21. Rcd1 Qc7
22. Nf4 Bd6 23. Nd3 e5 24. c5 Bf8 25. Ndxe5 Nxe5 26. dxe5 Nd5 27. Bd4 Re6 28.
Nd2 Rce8 29. Nc4 f6 30. Qf5 fxe5 31. Rxe5 Rxe5 32. Bxe5 Qf7 33. Qxf7+ Kxf7 34.
Bd6 Re2 35. Bxf8 Kxf8 36. Nxa5 Rxb2 37. Nxc6 Nc3 38. Rd8+ Kf7 39. a5 Ra2 40. Rb8
Nd5 41. Nxb4 Ra1+ 42. Kh2 Nxb4 43. Rxb4 Rxa5 44. Rc4 Ra7 45. c6 Rc7 46. Kg3 Ke6
47. Kf4 Kd5 48. Rc1 g6 49. Rc2 Kd6 50. h4 Rf7+ 51. Ke4 Kc7 52. Ke5 Rf5+ 53. Ke6
Rf4 54. g3 Rf3 55. Ke7 h5 56. Ke6 Rf5 57. f4 Rf8 58. Ke7 Rf5 59. Rc3 Kc8 60. c7
Ra5 61. Kf6 Ra6+ 62. Kf7 Rb6 63. Kg7 Re6 64. Kh6 Rb6 65. Kg5 Ra6 66. f5 gxf5 67.
Kxh5 Rf6 68. Kg5 Rf8 69. Kf4 Rf7 70. Rc5 Rg7 71. Rc3 Rf7 72. Ke5 Rf8 73. Rc5 Rf7
74. Kf4 Rg7 75. Rxf5 Kxc7 76. Rd5 Kc6 77. Rd1 Rf7+ 78. Kg4 Rf2 79. h5 Rh2 80.
Kg5 Rh3 81. g4 Rg3 82. h6 Rh3 83. Kg6 Kc7 84. g5 Kc8 85. h7 Kc7 86. Kg7 1-0

[Event "European Blitz 2017"]
[Site "Katowice POL"]
[Date "2017.12.15"]
[Round "16.70"]
[White "Vykouk, Jan"]
[Black "Stauskas, Lukas"]
[Result "0-1"]
[WhiteTitle "FM"]
[WhiteElo "2435"]
[BlackElo "2349"]
[WhiteFideId "349658"]
[BlackFideId "12808148"]
[EventDate "2017.12.15"]
[EventType "blitz"]

1. e4 c5 2. Nf3 d6 3. d4 cxd4 4. Nxd4 Nf6 5. Nc3 a6 6. Bg5 Nc6 7. Bxf6 gxf6 8.
Qd2 Qb6 9. Nb3 e6 10. O-O-O Bd7 11. f4 O-O-O 12. g3 h5 13. Kb1 Kb8 14. Bh3 Be7
15. f5 Ne5 16. Qd4 Qc7 17. Rhf1 h4 18. Qe3 hxg3 19. Qxg3 Rdg8 20. Qe3 Rh4 21.
fxe6 fxe6 22. Nd4 Qc8 23. Rg1 Rgh8 24. Rg3 Bd8 25. Rdg1 Bb6 26. Nce2 Ka7 27. Bf1
Nc4 28. Qc3 e5 29. Nf3 Rxe4 30. Rh1 Re3 31. Qe1 Bc6 32. Bg2 Rg8 33. Rf1 Rxg3 34.
hxg3 Qg4 35. b3 Na3+ 36. Kb2 Bxf3 37. Bxf3 Rxf3 38. Rxf3 Nc4+ 39. bxc4 Qxf3 40.
Qd2 f5 41. a4 Bc5 42. Nc1 Qa3+ 43. Kb1 Bd4 44. c3 Bxc3 45. Qa2 Qb4+ 46. Kc2 Bd4
47. Ne2 Bc5 48. Nc3 f4 49. Kd1 fxg3 50. Nd5 Qa5 51. Qb3 g2 0-1

[Event "European Blitz 2017"]
[Site "Katowice POL"]
[Date "2017.12.15"]
[Round "16.71"]
[White "Gazik, Viktor"]
[Black "Qorri, Fatmir"]
[Result "1-0"]
[WhiteTitle "IM"]
[WhiteElo "2479"]
[BlackElo "2032"]
[WhiteFideId "14928752"]
[BlackFideId "4702107"]
[EventDate "2017.12.15"]
[EventType "blitz"]

1. Nf3 Nf6 2. g3 Nc6 3. Bg2 d5 4. O-O e5 5. d3 Bd6 6. c3 a6 7. Nbd2 O-O 8. e4
dxe4 9. dxe4 Qe7 10. Qe2 h6 11. b4 b5 12. a4 bxa4 13. Nh4 a5 1-0

[Event "European Blitz 2017"]
[Site "Katowice POL"]
[Date "2017.12.15"]
[Round "16.72"]
[White "Karpus, Michal"]
[Black "Wieczorek, Oskar"]
[Result "0-1"]
[WhiteTitle "FM"]
[BlackTitle "IM"]
[WhiteElo "2328"]
[BlackElo "2463"]
[WhiteFideId "1174088"]
[BlackFideId "1133950"]
[EventDate "2017.12.15"]
[EventType "blitz"]

1. e4 c5 2. Nf3 d6 3. d4 cxd4 4. Nxd4 Nf6 5. Nc3 Nc6 6. Bg5 e6 7. Qd2 a6 8.
O-O-O h6 9. Nxc6 bxc6 10. Bf4 d5 11. Qe3 Qa5 12. Be2 Bb4 13. Be5 Be7 14. exd5
cxd5 15. g4 Bb7 16. Rhg1 Rg8 17. h4 Nd7 18. g5 hxg5 19. hxg5 Nxe5 20. Qxe5 Qb6
21. Bf3 Rc8 22. Qe2 g6 23. Bh1 Qb4 24. Rg4 Qb6 25. f4 Rh8 26. Bf3 Kf8 27. Rgg1
Qb4 28. a3 Qxf4+ 29. Kb1 Rxc3 30. bxc3 Kg7 31. Rg4 Qc7 32. Qd2 Rb8 33. Qd4+ e5
34. Qf2 Bc8+ 35. Kc1 Bxa3+ 36. Kd2 Bxg4 37. Bxg4 Qb6 38. Qf3 Be7 39. Rf1 Bxg5+
40. Ke2 Bf4 41. Qxd5 Rd8 42. Qe4 Rd2+ 43. Kf3 Qf6 44. Rh1 Bh2+ 45. Ke3 Qf2# 0-1

[Event "European Blitz 2017"]
[Site "Katowice POL"]
[Date "2017.12.15"]
[Round "16.73"]
[White "Ustianovich, Nazar"]
[Black "Varvadoukas, Theodoros"]
[Result "1-0"]
[WhiteTitle "FM"]
[WhiteElo "2366"]
[BlackElo "2178"]
[WhiteFideId "14109778"]
[BlackFideId "4210735"]
[EventDate "2017.12.15"]
[EventType "blitz"]

1. Nf3 g6 2. g3 Bg7 3. d4 d6 4. c4 c5 5. Bg2 Nf6 6. O-O cxd4 7. Nxd4 O-O 8. Nc3
Qc7 9. b3 Nc6 10. Bb2 Nxd4 11. Qxd4 Be6 12. Rac1 Rfc8 13. Rfd1 a6 14. Qd2 Rab8
15. Nd5 Bxd5 16. cxd5 Qd7 17. Rxc8+ Rxc8 18. Rc1 Ne8 19. Rxc8 Qxc8 20. Qc1 Qd8
21. Ba3 Qa5 22. Bf3 b5 23. b4 Qb6 24. Qc8 Kf8 25. e3 f5 26. Kg2 Bf6 27. h4 Kf7
28. Bc1 Qc7 29. Qxc7 Nxc7 30. Bd2 Na8 31. g4 fxg4 32. Bxg4 Nb6 33. Be6+ Kg7 34.
Kh3 Nc4 35. Be1 Bb2 36. Bc8 1-0